| 000 | 00594nam a2200193 a 4500 | ||
|---|---|---|---|
| 001 | BRCA_9149 | ||
| 005 | 20190320210534.0 | ||
| 008 | 121018s2012----sp-a######---#000-0#spa-# | ||
| 041 | _aspa | ||
| 044 | _asp | ||
| 050 | 4 |
_aNK1443 _b.B54 3 2012 |
|
| 245 | 1 | 0 | _aIII [i.e. Tercera] Bienal Iberoamericana de Diseño. Diseño emergente, innovación y futuro. |
| 260 |
_a[Madrid, España] _bDIMAD : Central de Diseño _c[2012] |
||
| 300 |
_a316 p. _bil. a color _c22 cm. |
||
| 500 | _aIncluye biografías e índice | ||
| 650 | 1 | 4 |
_aDiseño _zIberoamérica _922561 |
| 740 | 0 | _aBID 12 | |
| 942 |
_2lcc _cB |
||
| 999 |
_c8796 _d8796 |
||